000 00983nam a22002657a 4500
001 8732
003 FISKH
005 20251014163458.0
008 251014b cb ||||| |||| 00| 0 eng d
020 _a9780194793650
040 _aFISKH
_beng
_cFISKH
_dFISKH
050 _a PE1126.A4 E8363
082 _a428.6
100 _aEscott, John
_eAuthor
245 _aDead man's money /
_cIllustrated by Dave Hill
260 _aNew York :
_bOxford University ,
_c2011
300 _a40 pages :
_bcolor illustrations ;
_c20 cm
505 _aE
520 _aWhen Cal Dexter rents one of the Blue Lake Cabins, he finds $3000 - under the floor! He doesn't know it, but it is the money from a bank robbery. A dead man's money. 'Do I take it to the police?' he thinks. But three more people want the money, and two of them are dangerous. Can Cal stop them?
521 8 _a210
_bLexile
521 8 _aE
_bRaz-Plus
650 _aCrime
_vDrama
942 _2ddc
_cBK
_n0
999 _c8732
_d8732